PHYSIOTHERAPY IN OBSTETRICS AND GYNAECOLOGY (Record no. 8353)

MARC details
000 -LEADER
fixed length control field 00445nam a22001697a 4500
005 - DATE AND TIME OF LATEST TRANSACTION
control field 20230816103536.0
008 - FIXED-LENGTH DATA ELEMENTS--GENERAL INFORMATION
fixed length control field 230816b |||||||| |||| 00| 0 eng d
020 ## - INTERNATIONAL STANDARD BOOK NUMBER
ISBN 978-04-3300-048-8
041 ## - LANGUAGE CODE
Language code of text/sound track or separate title eng
082 ## - DEWEY DECIMAL CLASSIFICATION NUMBER
Classification number 618.04
100 ## - MAIN ENTRY--AUTHOR NAME
Personal name POLDEN, MARGARET AND MANTLE, JILL
245 ## - TITLE STATEMENT
Title PHYSIOTHERAPY IN OBSTETRICS AND GYNAECOLOGY
260 ## - PUBLICATION, DISTRIBUTION, ETC. (IMPRINT)
Place of publication NEW DELHI
Name of publisher JAYPEE BROHER'S
Year of publication 1990
300 ## - PHYSICAL DESCRIPTION
Number of Pages 441;p
650 ## - SUBJECT ADDED ENTRY--TOPICAL TERM
Topical Term BPT
942 ## - ADDED ENTRY ELEMENTS (KOHA)
Koha item type Books
Holdings
Lost status Damaged status Collection code Home library Current library Shelving location Date acquired Source of acquisition Cost, normal purchase price Full call number Accession Number Koha item type
    Reference JRU Library JRU Library SHELF- 8- B 05/08/2023 PURCHASE 950.00 618.04 27790 Books
    PHYSIOTHERAPY JRU Library JRU Library SHELF-20-D 05/08/2023 PURCHASE 950.00 618.04 27791 Books
    PHYSIOTHERAPY JRU Library JRU Library SHELF-20-D 05/08/2023 PURCHASE 950.00 618.04 27792 Books